[Event "Russian Championship G13 2016"]
[Site "Loo"]
[Date "2016.04.26"]
[Round "7.18"]
[White "Slesareva, Miraslava"]
[Black "Shchedrova, Tatiana"]
[Result "1-0"]
[WhiteElo "1711"]
[BlackElo "1443"]
[PlyCount "99"]
[EventDate "2016.04.20"]

1. d4 d5 2. c4 c6 3. cxd5 cxd5 4. Nc3 Nf6 5. Bf4 Nc6 6. e3 Bf5 7. Qb3 Qd7 8.
Nf3 Na5 9. Qb5 Nc6 10. Ne5 Nxe5 11. dxe5 Ne4 12. Qxd5 Qxd5 13. Nxd5 Rc8 14.
Bb5+ Bd7 15. Bxd7+ Kxd7 16. f3 Nc5 17. Ke2 e6 18. Nc3 Be7 19. Rhd1+ Ke8 20.
Rac1 f6 21. Nb5 a6 22. Nd6+ Bxd6 23. exd6 Kd7 24. b4 Na4 25. Rc7+ Rxc7 26.
dxc7+ Kc8 27. Rc1 e5 28. Bg3 Re8 29. f4 Nb6 30. fxe5 fxe5 31. e4 Re6 32. Bh4
Rh6 33. Bg3 Nd7 34. Rf1 Rf6 35. Rxf6 gxf6 36. Kf3 h5 37. Bf2 Kxc7 38. g4 hxg4+
39. Kxg4 Kd6 40. Kf5 Ke7 41. a4 b5 42. a5 Nf8 43. Bc5+ Kf7 44. Bxf8 Kxf8 45.
Kxf6 Kg8 46. Kxe5 Kf7 47. Kd6 Ke8 48. h4 Kd8 49. h5 Ke8 50. h6 1-0

[Event "Russian Championship G13 2016"]
[Site "Loo"]
[Date "2016.04.26"]
[Round "7.19"]
[White "Konova, Polina"]
[Black "Ochirova, Anita"]
[Result "1-0"]
[WhiteElo "1385"]
[BlackElo "1627"]
[PlyCount "55"]
[EventDate "2016.04.20"]

1. e4 Nc6 2. d4 d5 3. e5 f6 4. Nf3 Bg4 5. Bf4 Bxf3 6. gxf3 e6 7. c3 fxe5 8.
dxe5 a6 9. Bd3 Qd7 10. Nd2 O-O-O 11. Qb3 Bc5 12. Rf1 g6 13. O-O-O Qg7 14. Rfe1
g5 15. Bg3 h5 16. h3 Nh6 17. Qa4 Nf7 18. Bxa6 Nfxe5 19. Bb5 Kb8 20. Bxc6 Nd3+
21. Kb1 Nxe1 22. Rxe1 bxc6 23. Qxc6 Qg6+ 24. Kc1 Bd6 25. Nb3 Qe8 26. Na5 Kc8
27. Qa6+ Kd7 28. Bxd6 1-0

[Event "Russian Championship G13 2016"]
[Site "Loo"]
[Date "2016.04.26"]
[Round "7.20"]
[White "Plekhanova, Ekaterina"]
[Black "Portnova, Ksenia"]
[Result "1-0"]
[WhiteElo "1572"]
[BlackElo "1504"]
[PlyCount "159"]
[EventDate "2016.04.20"]

1. e4 c5 2. Ne2 d6 3. d4 cxd4 4. Nxd4 Nf6 5. Nc3 a6 6. Be2 e5 7. Nb3 Be7 8. O-O
O-O 9. Be3 Be6 10. Nd5 Bxd5 11. exd5 Nbd7 12. c4 Rc8 13. Rc1 Nb6 14. Bd3 g6 15.
f4 exf4 16. Bxf4 Nh5 17. Bd2 Bg5 18. Qg4 Bxd2 19. Nxd2 Nf6 20. Qf4 Nh5 21. Qg4
Nd7 22. Nf3 Ndf6 23. Qg5 Re8 24. Rce1 Re7 25. Rxe7 Qxe7 26. Re1 Qd7 27. Nd2 Re8
28. Rf1 Qg4 29. Qxg4 Nxg4 30. h3 Ne5 31. Bc2 Rc8 32. b3 b5 33. Ne4 Rd8 34. cxb5
axb5 35. Bd1 f5 36. Nc3 b4 37. Nb5 Nf6 38. g4 Nxd5 39. gxf5 Ne3 40. Re1 Nxf5
41. Re4 Nc6 42. Bg4 d5 43. Rf4 Rf8 44. Nc7 d4 45. Bf3 Rc8 46. Bd5+ Kh8 47. Ne6
Nce7 48. Bc4 Nc6 49. Bd3 Rg8 50. Kh2 Re8 51. Bxf5 gxf5 52. Nxd4 Nxd4 53. Rxd4
Re2+ 54. Kg3 Rxa2 55. Rxb4 Kg7 56. Rb6 Rb2 57. h4 Rb1 58. h5 Rh1 59. h6+ Kg8
60. Kf4 Rf1+ 61. Kg5 Rg1+ 62. Kxf5 Rf1+ 63. Ke4 Re1+ 64. Kd3 Rh1 65. b4 Rh3+
66. Kc4 Kf7 67. Kb5 Rh5+ 68. Ka6 Rh1 69. b5 Ra1+ 70. Kb7 Re1 71. Rc6 Rb1 72. b6
Re1 73. Kb8 Re8+ 74. Ka7 Re1 75. b7 Re7 76. Ka8 Re1 77. b8=Q Ra1+ 78. Kb7 Rb1+
79. Rb6 Re1 80. Qf4+ 1-0

[Event "Russian Championship G13 2016"]
[Site "Loo"]
[Date "2016.04.26"]
[Round "7.21"]
[White "Bandurina, Sofiya"]
[Black "Nur-Mukhametova, Alisa"]
[Result "1-0"]
[WhiteElo "1558"]
[BlackElo "1570"]
[PlyCount "85"]
[EventDate "2016.04.20"]

1. e4 c5 2. Nf3 d6 3. d4 cxd4 4. Qxd4 Nc6 5. Bb5 Bd7 6. Bxc6 Bxc6 7. c4 Nf6 8.
Nc3 e6 9. O-O Be7 10. b3 O-O 11. Bb2 Re8 12. h3 a6 13. Qe3 Nd7 14. Nd4 Bf6 15.
Rfd1 Qc7 16. Nxc6 bxc6 17. Qd2 Nc5 18. b4 Nb7 19. Qe2 Rac8 20. Qg4 Kh8 21. Rd3
Qb6 22. a3 a5 23. Na4 Qd8 24. e5 Bxe5 25. Bxe5 f6 26. Bb2 c5 27. bxc5 Nxc5 28.
Nxc5 Rxc5 29. Rad1 Qa8 30. Rg3 Qb7 31. Bc3 Rec8 32. Qxe6 Rxc4 33. Qxd6 h6 34.
Bxa5 Rc2 35. Qd7 Qxd7 36. Rxd7 Rc1+ 37. Kh2 Rg8 38. Rg6 Rc6 39. Bd2 Ra8 40.
Rgxg7 Rxa3 41. Rh7+ Kg8 42. Rdg7+ Kf8 43. Bb4+ 1-0

[Event "Russian Championship G13 2016"]
[Site "Loo"]
[Date "2016.04.26"]
[Round "7.22"]
[White "Kasaeva, Sofiia"]
[Black "Vostrikova, Stanislava"]
[Result "0-1"]
[WhiteElo "1514"]
[BlackElo "1581"]
[PlyCount "106"]
[EventDate "2016.04.20"]

1. e4 e6 2. d4 d5 3. Nd2 c5 4. exd5 Qxd5 5. Ngf3 cxd4 6. Bc4 Qd6 7. O-O Nf6 8.
Nb3 Nc6 9. Nbxd4 Nxd4 10. Nxd4 a6 11. Re1 Qc7 12. Qe2 Bd6 13. h3 O-O 14. Bg5
Ne4 15. Qxe4 Qxc4 16. b3 Qc7 17. c4 Bb4 18. Re3 e5 19. Nf5 Bxf5 20. Qxf5 f6 21.
Bh4 Bc5 22. Rd3 Bd4 23. Rad1 a5 24. Qe6+ Qf7 25. Qxf7+ Rxf7 26. Kh1 a4 27. b4
Rc7 28. c5 b6 29. cxb6 Rc2 30. R3d2 Rxd2 31. Rxd2 a3 32. Rd3 Bxb6 33. f3 Bd4
34. f4 Bb2 35. fxe5 Bxe5 36. b5 Rc8 37. Bg3 Bxg3 38. Rxg3 Rb8 39. Rxa3 Rxb5 40.
Ra8+ Kf7 41. Kg1 Rb1+ 42. Kf2 Ra1 43. a4 Kg6 44. a5 h5 45. a6 Ra2+ 46. Kf3 Kg5
47. a7 Kh4 48. Rg8 Rxa7 49. Rh8 Kg5 50. Rd8 Ra3+ 51. Kf2 Kf4 52. Rd4+ Ke5 53.
Rd7 g5 0-1

[Event "Russian Championship G13 2016"]
[Site "Loo"]
[Date "2016.04.26"]
[Round "7.23"]
[White "Maltseva, Ekaterina"]
[Black "Zaripova, Arina"]
[Result "1-0"]
[WhiteElo "1520"]
[BlackElo "1624"]
[PlyCount "85"]
[EventDate "2016.04.20"]

1. e4 e5 2. Bc4 c6 3. Qh5 Qf6 4. Nf3 d6 5. d3 g6 6. Qg5 Be7 7. Qe3 Be6 8. Bxe6
Qxe6 9. Bd2 Nf6 10. h3 Nh5 11. O-O O-O 12. d4 Na6 13. Nc3 Nb4 14. Rfc1 c5 15.
d5 Qf6 16. a3 Na6 17. Ne2 Qg7 18. g4 Nf6 19. Ng3 Kh8 20. Kh2 Nd7 21. Rg1 b5 22.
Qe2 Rfb8 23. Be3 h6 24. Qd2 g5 25. Nf5 Qf6 26. h4 gxh4 27. Bxh6 Bf8 28. Bg5 Qg6
29. N3xh4 Qh7 30. Kg3 f6 31. Rh1 Bh6 32. Bxh6 Kg8 33. Ng6 Re8 34. Ngh4 Nf8 35.
Nxd6 Red8 36. Nhf5 Ng6 37. Bg7 Rxd6 38. Rxh7 Kxh7 39. Qh6+ Kg8 40. Nxd6 Rd8 41.
Qxg6 Rd7 42. Bxf6+ Kf8 43. Qe8# 1-0

[Event "Russian Championship G13 2016"]
[Site "Loo"]
[Date "2016.04.26"]
[Round "7.24"]
[White "Gaer, Margarita"]
[Black "Rybakova, Anastasiya"]
[Result "1/2-1/2"]
[WhiteElo "1494"]
[BlackElo "1562"]
[PlyCount "69"]
[EventDate "2016.04.20"]

1. d4 d5 2. c4 e6 3. cxd5 exd5 4. Nc3 Nf6 5. Bg5 c6 6. e3 Bf5 7. Bd3 Bxd3 8.
Qxd3 Be7 9. Nf3 Nbd7 10. O-O O-O 11. Rab1 a5 12. a3 Ne4 13. Bxe7 Qxe7 14. b4
axb4 15. axb4 Ra3 16. Rfc1 Nb6 17. Nd2 f5 18. f3 Nxd2 19. Qxd2 Nc4 20. Qf2 Nxe3
21. b5 f4 22. bxc6 bxc6 23. Ne2 Qd6 24. Rb7 Nc4 25. Qh4 Qf6 26. Qg4 Ra2 27.
Nxf4 Qxd4+ 28. Kh1 Ra1 29. Qe6+ Kh8 30. Ng6+ hxg6 31. Qh3+ Kg8 32. Qe6+ Kh8 33.
Qh3+ Kg8 34. Qe6+ Kh8 35. Qh3+ 1/2-1/2

[Event "Russian Championship G13 2016"]
[Site "Loo"]
[Date "2016.04.26"]
[Round "7.26"]
[White "Kamaeva, Dzhamilya"]
[Black "Galushko, Karina"]
[Result "1/2-1/2"]
[WhiteElo "1491"]
[BlackElo "1404"]
[PlyCount "112"]
[EventDate "2016.04.20"]

1. d4 d5 2. Nf3 Nf6 3. e3 Bf5 4. Bd3 Bxd3 5. Qxd3 c6 6. O-O e6 7. b3 Ne4 8. Bb2
Be7 9. Nbd2 f5 10. Ne5 Nd7 11. f4 O-O 12. Rf3 Rf6 13. Rh3 Nxe5 14. fxe5 Rg6 15.
Nxe4 fxe4 16. Qe2 Bg5 17. Rf1 Qe7 18. Rg3 Rf8 19. Rxf8+ Qxf8 20. Qd2 Qf7 21.
Ba3 Qf5 22. h3 h5 23. Qe2 Rh6 24. Rxg5 Qxg5 25. Qf2 Rg6 26. Bc5 Qd8 27. a4 h4
28. Bb4 Rg5 29. Kh1 Rf5 30. Qe2 Qg5 31. Be1 b6 32. Kg1 c5 33. Bf2 cxd4 34. exd4
Qc1+ 35. Kh2 Qf4+ 36. Kg1 Kf7 37. Be3 Qg3 38. Bf2 Qc3 39. Kh1 Qa1+ 40. Kh2 Qc3
41. Kg1 Rg5 42. Kh2 Kg8 43. Kh1 Rf5 44. Kg1 Rxf2 45. Qxf2 e3 46. Qxh4 e2 47.
Qd8+ Kf7 48. Qd7+ Kg6 49. Qxe6+ Kh7 50. Qf5+ g6 51. Qf7+ Kh6 52. Qf4+ g5 53.
Qf6+ Kh5 54. Qh8+ Kg6 55. Qf6+ Kh7 56. Qf7+ Kh6 1/2-1/2

[Event "Russian Championship G11 2016"]
[Site "Loo"]
[Date "2016.04.26"]
[Round "7.1"]
[White "Kuznetsova, Marina"]
[Black "Zvereva, Margarita"]
[Result "0-1"]
[WhiteElo "1312"]
[BlackElo "1768"]
[PlyCount "62"]
[EventDate "2016.04.20"]

1. e4 c5 2. Nc3 Nc6 3. g3 g6 4. Bg2 Bg7 5. d3 e5 6. Be3 d6 7. Nge2 Nge7 8. Qd2
Nd4 9. Nd5 Nxd5 10. Bxd4 cxd4 11. exd5 h5 12. h4 Bh6 13. f4 Bg4 14. Kf2 O-O 15.
Bf3 Bxf3 16. Kxf3 Qd7 17. c3 dxc3 18. bxc3 b5 19. c4 bxc4 20. dxc4 Rac8 21.
Rac1 Rc5 22. Rc3 Rfc8 23. Rhc1 Bg7 24. R3c2 Qa4 25. Nc3 Qa3 26. fxe5 Bxe5 27.
Kg2 Rxc4 28. Nb5 Qxg3+ 29. Kf1 Rf4+ 30. Ke2 Qf3+ 31. Ke1 Qf1# 0-1

[Event "Russian Championship G11 2016"]
[Site "Loo"]
[Date "2016.04.26"]
[Round "7.2"]
[White "Mikheeva, Galina"]
[Black "Novozhilova, Polina"]
[Result "1/2-1/2"]
[WhiteElo "1533"]
[BlackElo "1494"]
[PlyCount "81"]
[EventDate "2016.04.20"]

1. e4 e5 2. Nf3 d5 3. Nxe5 dxe4 4. Nc3 Nf6 5. d3 Bc5 6. dxe4 Qxd1+ 7. Nxd1 Nxe4
8. Bc4 O-O 9. Nd3 Bb6 10. O-O Bf5 11. Ne3 Bg6 12. Bb3 Re8 13. Nd5 Ba5 14. Bf4
c6 15. Nc7 Bxc7 16. Bxc7 Nd2 17. Rfe1 Na6 18. Bf4 Nxb3 19. axb3 Bxd3 20. cxd3
Nc5 21. Rxe8+ Rxe8 22. Be3 Nxd3 23. Rxa7 b5 24. Rc7 Ne5 25. Bd4 f6 26. Kf1 Nd3
27. Be3 Re6 28. Rd7 Nb4 29. Ke2 Nd5 30. Kd3 h6 31. Kd4 Nxe3 32. fxe3 Kh7 33. e4
Kg6 34. h3 h5 35. Ra7 h4 36. Ra1 Re5 37. Rc1 Re6 38. Rf1 Re5 39. Rc1 Re6 40.
Rf1 Re5 41. Rc1 1/2-1/2

[Event "Russian Championship G11 2016"]
[Site "Loo"]
[Date "2016.04.26"]
[Round "7.3"]
[White "Platuschikhina, Darya"]
[Black "Cherepanova, Evita"]
[Result "1/2-1/2"]
[WhiteElo "1412"]
[BlackElo "1689"]
[PlyCount "80"]
[EventDate "2016.04.20"]

1. e4 e6 2. d4 d5 3. Nc3 Bb4 4. e5 c5 5. a3 Bxc3+ 6. bxc3 Ne7 7. Qg4 Qc7 8.
Qxg7 Rg8 9. Qxh7 cxd4 10. Ne2 dxc3 11. Qd3 Nbc6 12. f4 d4 13. h4 Nf5 14. h5 Nh6
15. Qh7 Bd7 16. Qxh6 O-O-O 17. Qf6 Qb6 18. h6 Na5 19. h7 Rh8 20. Ng3 Qc6 21.
Kf2 Qa4 22. Bd3 Bc6 23. Ne4 Bxe4 24. Bxe4 Qe8 25. f5 exf5 26. Bxf5+ Kb8 27. Bh6
Nc4 28. Bg7 Rxh7 29. Rxh7 Rd6 30. Rh8 Qxh8 31. Bxh8 Rxf6 32. exf6 Nd6 33. Bg4
Kc7 34. Re1 b5 35. Re7+ Kb6 36. Bh5 a6 37. Bxf7 Nxf7 38. Rxf7 d3 39. Rc7 Kxc7
40. f7 dxc2 1/2-1/2

[Event "Russian Championship G11 2016"]
[Site "Loo"]
[Date "2016.04.26"]
[Round "7.4"]
[White "Alimova, Dana"]
[Black "Alekseenko, Mariya"]
[Result "0-1"]
[WhiteElo "1458"]
[BlackElo "1604"]
[PlyCount "158"]
[EventDate "2016.04.20"]

1. e4 c5 2. Nf3 e6 3. d4 cxd4 4. Nxd4 a6 5. Nc3 Qc7 6. Bd3 Nf6 7. O-O g6 8. Be3
Bg7 9. f3 O-O 10. Qd2 Re8 11. Kh1 d6 12. Qf2 Nbd7 13. Qh4 b5 14. f4 Bb7 15. Rf3
b4 16. Nce2 Bxe4 17. Bxe4 Nxe4 18. Rh3 Ndf6 19. Rc1 Rac8 20. Ng3 Nxg3+ 21. Rxg3
Nh5 22. Rh3 Qe7 23. Qg4 Nf6 24. Qh4 h5 25. Qe1 Kh7 26. Qxb4 Nd5 27. Qd2 Nxe3
28. Rxe3 Qa7 29. Rd3 Red8 30. c3 Bxd4 31. Rxd4 Qc5 32. Qe3 e5 33. fxe5 dxe5 34.
Re4 Qxe3 35. Rxe3 Rd2 36. Rxe5 Rxb2 37. Ra5 Rc6 38. h3 Re6 39. c4 Rc6 40. a3
Rb3 41. Rc2 Rb8 42. Rd5 Rb7 43. Re5 Rbc7 44. Re4 Rc5 45. Kg1 Ra5 46. Rc3 Rf5
47. Rd4 Kg7 48. Rd6 a5 49. Kh2 Rcc5 50. Rd4 Kf6 51. g3 Rf2+ 52. Kg1 Rcf5 53.
Rd1 R2f3 54. Rdc1 Rxc3 55. Rxc3 Ke7 56. Rd3 Ke6 57. Kg2 g5 58. Rd2 Rc5 59. Rc2
Ke5 60. Kf3 Kd4 61. g4 h4 62. Rd2+ Kxc4 63. Ke4 Kb3 64. Rd7 a4 65. Rxf7 Kxa3
66. Rf3+ Kb4 67. Kd4 Rc4+ 68. Ke5 Rf4 69. Rd3 a3 70. Rd1 a2 71. Kd5 Rf3 72. Ke5
Kb3 73. Ke4 Rxh3 74. Kf5 Rh2 75. Kxg5 Kb2 76. Kf4 a1=Q 77. Rxa1 Kxa1 78. g5 Rg2
79. Kf3 Rxg5 0-1

[Event "Russian Championship G11 2016"]
[Site "Loo"]
[Date "2016.04.26"]
[Round "7.5"]
[White "Smagulova, Zhanbota"]
[Black "Krupnova, Anna"]
[Result "0-1"]
[WhiteElo "1289"]
[BlackElo "1591"]
[PlyCount "76"]
[EventDate "2016.04.20"]

1. d4 Nf6 2. c4 g6 3. Nf3 Bg7 4. g3 O-O 5. Bg2 d5 6. cxd5 Nxd5 7. e4 Nb6 8. Na3
Bg4 9. Be3 c5 10. dxc5 N6d7 11. Qc2 Qa5+ 12. Nd2 Na6 13. O-O Naxc5 14. Nac4 Qc7
15. Rac1 Rac8 16. Qb1 Be2 17. Rfe1 Nd3 18. Rxe2 Nxc1 19. Re1 b5 20. Na3 Ne5 21.
Bf1 Rfd8 22. Bf4 Rxd2 23. Kg2 Rdd8 24. Rxc1 Qb7 25. Rxc8 Rxc8 26. Nxb5 a6 27.
Nc3 Rxc3 28. Bxa6 Qb6 29. Be3 Rxe3 30. fxe3 Qxa6 31. a3 Qe2+ 32. Kh3 Qxe3 33.
Qc2 h5 34. a4 Nf3 35. b4 Ng5+ 36. Kh4 Qf3 37. h3 Bf6 38. Qc8+ Kh7 0-1

[Event "Russian Championship G11 2016"]
[Site "Loo"]
[Date "2016.04.26"]
[Round "7.7"]
[White "Shubenkova, Veronika"]
[Black "Kudryavtseva, Anastasia"]
[Result "1-0"]
[WhiteElo "1347"]
[BlackElo "1243"]
[PlyCount "75"]
[EventDate "2016.04.20"]

1. d4 Nf6 2. c4 g6 3. Nc3 Bg7 4. e4 d6 5. f3 e5 6. d5 Na6 7. Be3 Nh5 8. Bd3 f5
9. Nge2 f4 10. Bf2 Bd7 11. Qd2 O-O 12. O-O-O Qe7 13. Kb1 Nb4 14. Nc1 Nxd3 15.
Qxd3 a6 16. Qe2 Rfb8 17. Rhg1 b5 18. cxb5 axb5 19. Rd2 c5 20. dxc6 Bxc6 21. Nd5
Bxd5 22. Rxd5 b4 23. Rgd1 Qg5 24. Bg1 Bf8 25. Qc4 Kh8 26. Qe2 Qf6 27. Nb3 Qe6
28. Nc1 Qc8 29. Qc2 Qb7 30. Qb3 Nf6 31. R5d2 Kg7 32. Qd3 Qc7 33. Nb3 Qf7 34.
Rc2 Rb7 35. Qc4 Qe8 36. Rdd2 Qa4 37. Nc1 Qe8 38. g4 1-0

[Event "Russian Championship G11 2016"]
[Site "Loo"]
[Date "2016.04.26"]
[Round "7.8"]
[White "Tsamalaidze, Liana"]
[Black "Nikolaeva, Nadezhda"]
[Result "0-1"]
[WhiteElo "1362"]
[BlackElo "1237"]
[PlyCount "78"]
[EventDate "2016.04.20"]

1. e4 c5 2. Nf3 Nc6 3. d3 e6 4. g3 d5 5. Nbd2 Bd6 6. Bg2 Nge7 7. O-O O-O 8. Re1
Qc7 9. Nf1 Bd7 10. h4 dxe4 11. Rxe4 Nd5 12. N1h2 Nf6 13. Re1 e5 14. Bg5 Ng4 15.
Qd2 f6 16. Be3 Nxe3 17. Qxe3 Nd4 18. Nxd4 cxd4 19. Bd5+ Kh8 20. Qd2 Rac8 21.
Rac1 Qb6 22. c3 dxc3 23. bxc3 Bc6 24. Be6 Rce8 25. Bf5 Qc7 26. h5 Qf7 27. Qe2
g6 28. hxg6 hxg6 29. Bh3 Qh7 30. Bg2 Kg7 31. Bxc6 bxc6 32. Kg2 Rh8 33. Rh1 Qh3+
34. Kg1 Bc5 35. Qf3 Qe6 36. Rc2 Rb8 37. Kg2 Qh3+ 38. Kg1 Rb1+ 39. Nf1 Rxf1# 0-1

[Event "Russian Championship G11 2016"]
[Site "Loo"]
[Date "2016.04.26"]
[Round "7.13"]
[White "Melenchuk, Olga"]
[Black "Shirokova, Sofiya"]
[Result "0-1"]
[WhiteElo "1579"]
[BlackElo "1408"]
[PlyCount "96"]
[EventDate "2016.04.20"]

1. Nf3 d5 2. d4 e6 3. g3 Nf6 4. Bg2 Be7 5. O-O O-O 6. c4 dxc4 7. Ne5 c5 8. dxc5
Qc7 9. Nxc4 Qxc5 10. b3 Rd8 11. Qc2 Nd5 12. a3 Bf6 13. Bb2 Bxb2 14. Qxb2 Nc6
15. Rd1 b5 16. Ne5 Bb7 17. Nxc6 Bxc6 18. b4 Qb6 19. Nc3 Nxc3 20. Qxc3 Bxg2 21.
Kxg2 Rac8 22. Qb3 Rxd1 23. Rxd1 Qc6+ 24. f3 h6 25. Kf2 Qb6+ 26. Kf1 a5 27. Qb2
axb4 28. axb4 Rc4 29. Qb1 Qb8 30. Ke1 Qf8 31. Kf1 Rxb4 32. Qa2 Qb8 33. Rb1
Rxb1+ 34. Qxb1 Qb6 35. Qb4 Qc6 36. Kf2 f6 37. Kf1 Kf7 38. e4 Qc4+ 39. Qxc4 bxc4
40. Ke2 Ke7 41. Ke3 e5 42. f4 Kd6 43. Kd2 Kc5 44. Kc3 Kb5 45. f5 h5 46. h3 Kc5
47. g4 h4 48. Kc2 Kd4 0-1

[Event "Russian Championship G11 2016"]
[Site "Loo"]
[Date "2016.04.26"]
[Round "7.14"]
[White "Zavivaeva, Emilia"]
[Black "Lubarskaya, Regina"]
[Result "1-0"]
[WhiteElo "1497"]
[BlackElo "1391"]
[PlyCount "57"]
[EventDate "2016.04.20"]

1. e4 c5 2. Nf3 d6 3. d4 cxd4 4. Nxd4 Nf6 5. Nc3 a6 6. Be2 g6 7. Be3 Bg7 8. f3
O-O 9. Qd2 Bd7 10. O-O-O Nc6 11. g4 Nxd4 12. Bxd4 b5 13. h4 b4 14. Nd5 Nxd5 15.
Bxg7 Kxg7 16. exd5 a5 17. h5 b3 18. Qc3+ f6 19. Qxb3 Rb8 20. Qe3 g5 21. h6+ Kg8
22. Bd3 Rf7 23. Be4 Qc7 24. Qd3 Rc8 25. Rd2 a4 26. Bg6 hxg6 27. Qxg6+ Kh8 28.
Qxf7 e6 29. Qg7# 1-0

[Event "Russian Championship G11 2016"]
[Site "Loo"]
[Date "2016.04.26"]
[Round "7.15"]
[White "Magizova, Yana"]
[Black "Mikhalevich, Arina"]
[Result "1-0"]
[WhiteElo "1490"]
[BlackElo "1310"]
[PlyCount "143"]
[EventDate "2016.04.20"]

1. e4 c5 2. c4 Nc6 3. d3 e6 4. Nc3 g6 5. Be3 Bg7 6. Nge2 b6 7. g3 Nge7 8. Bg2
Bb7 9. Nb5 Be5 10. Bf4 Bxf4 11. Nxf4 Qb8 12. O-O a6 13. Na3 Qe5 14. b3 f5 15.
Re1 Qf6 16. Nc2 h5 17. Nh3 g5 18. exf5 Qxf5 19. Ne3 Qf6 20. Rc1 e5 21. Kf1 Rf8
22. Qxh5+ Kd8 23. Qxg5 Qe6 24. Ng1 Qf7 25. Nd1 Rb8 26. Bd5 Qh7 27. Re4 Kc8 28.
Qh4 Qg7 29. Rg4 Qf6 30. Qxf6 Rxf6 31. Ne3 Nxd5 32. Nxd5 Rf8 33. Nxb6+ Kc7 34.
Nd5+ Kc8 35. Re1 a5 36. h4 Ba8 37. h5 Rh8 38. Rh4 a4 39. Rb1 Na5 40. b4 Bxd5
41. cxd5 Rxb4 42. Rbxb4 cxb4 43. Rxb4 Rxh5 44. Rxa4 Nb7 45. Rh4 Rg5 46. Nf3 Rf5
47. Ke2 Nc5 48. Rc4 d6 49. g4 Rf7 50. Ng5 Rg7 51. Ne6 Re7 52. Nxc5 dxc5 53.
Rxc5+ Kd7 54. Rc6 e4 55. dxe4 Rxe4+ 56. Kf3 Ra4 57. Rc2 Kd6 58. Rd2 Ra3+ 59.
Kf4 Ra4+ 60. Kg5 Ra6 61. f4 Ke7 62. d6+ Kd7 63. f5 Ra8 64. Kf4 Rf8 65. g5 Rg8
66. g6 Rf8 67. Kg5 Rg8 68. f6 Rf8 69. g7 Rg8 70. Kg6 Re8 71. Kf7 Rd8 72. g8=Q
1-0

[Event "Russian Championship G11 2016"]
[Site "Loo"]
[Date "2016.04.26"]
[Round "7.16"]
[White "Uzintseva, Daria"]
[Black "Badmaeva, Elzjata"]
[Result "1-0"]
[WhiteElo "1320"]
[BlackElo "1477"]
[PlyCount "81"]
[EventDate "2016.04.20"]

1. d4 Nf6 2. c4 g6 3. Nc3 Bg7 4. e4 d6 5. f3 O-O 6. Be3 Nc6 7. Nge2 e5 8. d5
Ne7 9. Qd2 a6 10. g4 c6 11. h4 Re8 12. Bh6 Bh8 13. h5 Rb8 14. Qg5 b5 15. b3
bxc4 16. bxc4 Qa5 17. Qd2 Bd7 18. Rc1 cxd5 19. cxd5 Rec8 20. Nb1 Rxc1+ 21. Nxc1
Qxd2+ 22. Nxd2 a5 23. Be3 Rc8 24. Kd1 Ba4+ 25. Ncb3 Nd7 26. Nc4 Ra8 27. Nxd6
Nc8 28. Nc4 Bg7 29. Bd2 Bxb3+ 30. axb3 a4 31. bxa4 Rxa4 32. Kc2 Bf8 33. Bc3 Nc5
34. Bxe5 Ra2+ 35. Bb2 Bg7 36. Kd1 Ra4 37. Bxg7 Kxg7 38. hxg6 hxg6 39. Nb2 Rb4
40. Kc2 Rb3 41. Be2 {далее запись неразбор~~ива} 1-0

[Event "Russian Championship G11 2016"]
[Site "Loo"]
[Date "2016.04.26"]
[Round "7.17"]
[White "Maikovets, Yana"]
[Black "Pakhomova, Tatyana"]
[Result "1/2-1/2"]
[WhiteElo "1099"]
[BlackElo "1508"]
[PlyCount "81"]
[EventDate "2016.04.20"]

1. d4 d5 2. c4 e6 3. Nf3 Nf6 4. Nc3 Be7 5. e3 a6 6. Bd3 dxc4 7. Bxc4 b5 8. Be2
O-O 9. O-O c5 10. dxc5 Bxc5 11. b3 Bb4 12. Bb2 Bb7 13. Rc1 Nbd7 14. Bd3 Qe7 15.
Qe2 Rfd8 16. Rfd1 Bxf3 17. Qxf3 Ne5 18. Qe2 Nxd3 19. Rxd3 Rxd3 20. Qxd3 Rd8 21.
Qe2 Bxc3 22. Bxc3 Rc8 23. Qf1 Nd5 24. Bb2 Rxc1 25. Qxc1 Qc7 26. Qd2 Qc6 27. e4
Nf6 28. f3 Qd7 29. Qe2 Qa7+ 30. Kf1 Nd7 31. Qd2 Qc7 32. Kg1 Nc5 33. Qc3 e5 34.
Qxe5 Qxe5 35. Bxe5 Nd3 36. Bd6 Nc1 37. Be5 Nxa2 38. Bb2 Nb4 39. Ba3 Nc6 40. Bb2
a5 41. Kf2 1/2-1/2

[Event "Russian Championship G11 2016"]
[Site "Loo"]
[Date "2016.04.26"]
[Round "7.24"]
[White "Tkachenko, Valeriya"]
[Black "Kuznetsova, Yulia"]
[Result "0-1"]
[WhiteElo "1360"]
[BlackElo "1295"]
[PlyCount "86"]
[EventDate "2016.04.20"]

1. e4 e5 2. Nf3 Nc6 3. Bb5 a6 4. Ba4 b5 5. Bb3 Nf6 6. Bd5 Bb7 7. d4 exd4 8.
Nxd4 Nxd4 9. Qxd4 c6 10. Bb3 c5 11. Qe5+ Be7 12. a3 c4 13. Ba2 Bxe4 14. O-O
Bxc2 15. Re1 Ra7 16. Be3 Rb7 17. Bc5 d5 18. Nd2 Qc7 19. Qxc7 Rxc7 20. Bd6 Rd7
21. Bc5 Ne4 22. Nxe4 Bxe4 23. Bxe7 Rxe7 24. f3 Bf5 25. Kf2 Rxe1 26. Rxe1+ Kd7
27. g4 Bd3 28. Bb1 Bxb1 29. Rxb1 Re8 30. Rd1 Kc6 31. Rd4 Kc5 32. Rf4 f6 33. h4
d4 34. Rf5+ Re5 35. Rxe5+ fxe5 36. Ke2 a5 37. Kd2 b4 38. a4 c3+ 39. bxc3 bxc3+
40. Kd3 Kb4 41. Kc2 d3+ 42. Kc1 Kb3 43. Kd1 Kb2 0-1

[Event "Russian Championship G13 1st league 2016"]
[Site "Loo"]
[Date "2016.04.26"]
[Round "7.1"]
[White "Artiukhova, Elizaveta"]
[Black "Semenova, Daria"]
[Result "1/2-1/2"]
[WhiteElo "1443"]
[BlackElo "1441"]
[PlyCount "105"]
[EventDate "2016.04.20"]

1. d4 e6 2. c4 d5 3. e3 c6 4. a3 Nf6 5. Nc3 Nbd7 6. b4 dxc4 7. Bxc4 b5 8. Be2
a6 9. Bf3 Bb7 10. Bb2 Be7 11. Nge2 Qc7 12. Rc1 Nb6 13. Ng3 Nc4 14. Qc2 a5 15.
Qb3 axb4 16. axb4 Qd6 17. Nxb5 cxb5 18. Bxb7 Ra7 19. Bf3 Qxb4+ 20. Qxb4 Bxb4+
21. Bc3 Bxc3+ 22. Rxc3 Ra1+ 23. Ke2 Ra2+ 24. Ke1 O-O 25. Rc1 Nb2 26. Be2 b4 27.
e4 Rb8 28. f3 g6 29. Rb1 Na4 30. Kf2 Nc3 31. Rb3 h5 32. h4 Rc2 33. Ra1 Kg7 34.
Kf1 Ng8 35. Ra7 Rc1+ 36. Kf2 Rb1 37. Bc4 Kf8 38. Nf1 Rxb3 39. Bxb3 Ne7 40. Ra6
Nb1 41. Ke2 Nc3+ 42. Kd2 Kg8 43. Ne3 Rb5 44. Nc4 Rb8 45. Ne5 Rb7 46. Kd3 Kg7
47. Kd2 Kg8 48. Nd3 Nb1+ 49. Ke3 Nc3 50. Nc5 Rb8 51. Nd7 Rb7 52. Nc5 Rb8 53.
Nd7 1/2-1/2

[Event "Russian Championship G13 1st league 2016"]
[Site "Loo"]
[Date "2016.04.26"]
[Round "7.2"]
[White "Shestakova, Ekaterina"]
[Black "Mikhailina, Elena"]
[Result "1-0"]
[WhiteElo "1740"]
[BlackElo "1529"]
[PlyCount "51"]
[EventDate "2016.04.20"]

1. e4 c5 2. c3 Nf6 3. e5 Nd5 4. d4 cxd4 5. cxd4 d6 6. Nf3 Nc6 7. Bc4 dxe5 8.
Nxe5 Nxe5 9. dxe5 e6 10. O-O Bc5 11. Nd2 O-O 12. Ne4 Be7 13. Qg4 Kh8 14. b3 Nb6
15. Nd2 Nxc4 16. Nxc4 Qc7 17. Bb2 Bd7 18. Rfd1 Bc6 19. Nd6 Rad8 20. Rac1 Qb8
21. Rd3 Bxd6 22. exd6 Rg8 23. Rh3 Be4 24. Qxe4 f5 25. Qh4 h6 26. Qxh6# 1-0

[Event "Russian Championship G13 1st league 2016"]
[Site "Loo"]
[Date "2016.04.26"]
[Round "7.3"]
[White "Lukianchenko, Alisa"]
[Black "Karelina, Viktoriya"]
[Result "0-1"]
[WhiteElo "1349"]
[BlackElo "1673"]
[PlyCount "107"]
[EventDate "2016.04.20"]

1. c4 Nf6 2. Nc3 g6 3. e4 d6 4. d4 Bg7 5. f3 O-O 6. Be3 e5 7. d5 c6 8. Qd2 a6
9. dxc6 Nxc6 10. O-O-O Ne8 11. Nge2 Be6 12. Nd5 Bxd5 13. cxd5 Ne7 14. Kb1 Nf6
15. Bh6 b5 16. h4 Qc7 17. Rc1 Qb7 18. g4 Bxh6 19. Qxh6 Rfc8 20. h5 Rxc1+ 21.
Qxc1 Nc8 22. Qg5 Qe7 23. Nc1 Nxd5 24. Qxe7 Ndxe7 25. g5 gxh5 26. Rxh5 Ng6 27.
Nd3 Nb6 28. Bh3 Nc4 29. Kc1 Kg7 30. b3 Nb6 31. Kd2 d5 32. exd5 Nxd5 33. Bf5 Re8
34. Rh1 Rd8 35. Bxg6 hxg6 36. Nxe5 Nb4+ 37. Ke3 Nxa2 38. Ra1 Nb4 39. Rc1 Rd5
40. Ke4 Rd8 41. Rc7 Rf8 42. Kd4 Kg8 43. Kc5 Nc2 44. Kb6 Nd4 45. Kxa6 b4 46. Rc4
Nxb3 47. Rxb4 Nc5+ 48. Kb5 Ne6 49. Rg4 Rc8 50. f4 Rc5+ 51. Kb6 Rc3 52. Nd7 Kg7
53. Ne5 Rc2 54. Nd3 0-1